Регионална библиотека "Любен Каравелов" - Русе

Ботанические материалы (Запис номер 408685)

MARC детайли
000 -Лидер
Контролно поле с фиксирана дължина nam a22 a 4500
003 - Код на организацията, давaща контролен номер
Контролно поле BLK
005 - Дата и час на последна редакция
Контролно поле 20210415142245.0
008 - Елементи от данни с фиксирана дължина
fixed length control field 210415b bu |||||r|||| 00| | bu d
040 ## - Източник на каталожния запис
Идентификатор на билиотеката - собственик на записа BLK
041 ## - Код за език
Код за езика на текст/звукозапис или на отделно заглавие Руски
Код за езика КДБФ Руски
080 ## - УДК
Текстов определител УДК Обща ботаника
УДК код - определител по УДК 581
УДК - код + определител 581
139 ## - Редно поле
Редна дума Ботанические материалы
245 ## - Сведения за заглавието
Заглавие Ботанические материалы
Подзаглавни данни Отдела споровых растений Ботан. инст. им. В. Л. Комарова Академии наук СССР
Том Т. V , вып. 10-12
260 ## - Област на издателските данни
9 (RLIN) 440773
Място на издаване, разпространение и проч. Москва
Име на издателя, разпространителя и проч. Академии наук СССР
Година на издаване 1945
300 ## - Физическа характеристика
Размери/Мащаб 22 см
380 ## - Жанр
Жанр Естествени науки. Математика
650 #7 - Допълнително описание по предмет – тема
9 (RLIN) 149099
Основно описание – тема или топоним Ботаника
653 #7 - Ключова дума – ненормативна
9 (RLIN) 182340
Ключова дума ботаника
760 ## - Описание на основната серия
Страници - том 176 с.
Част - том Т. V , вып. 10-12
852 ## - Местоположение
Форматна сигнатура Цб 5.215.25108
Фондова буква Основен фонд - ползва се само за читалня
999 ## - СИСТЕМНИ КОНТРОЛНИ НОМЕРА
Koha biblionumber 408685
Koha biblioitemnumber 408685
942 ## - АРТИКУЛИ
Вид на библиотечния материал Книги
Скрит в OPAC Не
Периодичен библиозапис Да
944 ## - СЪЗДАВАНЕ И РЕДАКЦИЯ на ЗАПИСА
Създаване/Редакция Създаване
Дата на регистрацията/редакция 2021-04-15
Служител, извършил регистрацията/редакцията Христина Везирева
Наличности
Код за отписване Код за изгубен артикул Източник на класификационната схема Код за повреда Коз за рестрикции Код за отдаване Артикулен № Име на библиотеката - собственик Име на библиотеката, в която се намира в момента Статус (Текущо местоположение) Дата на вписване в системата Местоположение - отдел Цена в лева Инвентарен номер Систематично азбучна сигнатура Баркод Цена в евро Служебен тип на артикула
  Не е изгубен Universal Decimal Classification Не е повреден само за читалня ползва се в читалня 825153 Регионална библиотека "Любен Каравелов" Русе Регионална библиотека "Любен Каравелов" Русе Хранилище 2021-04-21 Основен фонд - ползва се само за читалня 0.20 25108 Цб 5.215.25108 900000054735 0.10 Книги
Vip Innovations Ltd, Rousse, Bulgaria 2025